000 01021nas a2200325 4500
001 BR2012006093
003 BR-BrBNA
005 20231205121003.0
007 ta
008 230509b bl.|||p| |||| 00| 00por d
040 _aBR-BrBNA
_bpor
_cBiblioteca Nacional de Agricultura
041 _a(En)
072 _aP35; F03
100 1 _aMondo, V.H.V.
100 1 _aGomes Junior, F.G.
100 1 _aPinto, T.L.F.
100 1 _aMarchi, J.L. de
100 1 _aMotomiya, A.V. de A.
100 1 _aMolin, J.P.
100 1 _aCicero, S.M.
245 1 _aSpatial variability of soil fertility and its relationship with seed physiologial potential in a soybean production area
650 _aSOJA
650 _aGLYCINE MAX
650 _aFERTILIDADE DO SOLO
650 _aAGRICULTURA DE PRECISÃO
650 _aMÉTODO ESTATÍSTICO
773 0 _tRevista Brasileira de Sementes (Brazil)
_xISSN 0101-3122
_g(2012), v. 34(2) p. 193-201
_wBR2012006093
909 _a202311
_bLúcia
_c55
_dLúcia Elande
942 _2AGRIS
_n0
_cANA
999 _c221326
_d221326